| 000 | 00456nam a2200121Ia 4500 | ||
|---|---|---|---|
| 008 | 220204s9999 xx 000 0 und d | ||
| 082 |
_aNR:061.32001 _bACS.47 |
||
| 100 | _aAttorney, Patent | ||
| 245 | 0 | _aHistorical background of smart tires and sensing : Paper presented at the meeting of the rubber division, American Chemical Society, Rhode Island, 24-27 April 2001. N0.47 | |
| 260 |
_aRhode Island _bACS _c2001 |
||
| 700 | _aCohn, Howard M | ||
| 942 | _cBK | ||
| 999 |
_c42276 _d42276 |
||